00332nam a22001217a 450000500170000002000230001703500130004003700130005310000200006624500590008626000410014530000240018620120323123816.0 a8187471093c295.00 aB-218468 aDPLbENG aPriyadarshi, P. aIndia's contributions to the west /cby P. Priyadarshi aNew DelhibStandard Publishersc2004 axxi, 165p.c22 cms.